Demarcation of responsibilites (subjects for which dirrerent Ministeries and Departments of government of India are responsible (Record no. 491112)

000 -LEADER
fixed length control field 00432cam a22001097a 4500
008 - FIXED-LENGTH DATA ELEMENTS--GENERAL INFORMATION
fixed length control field 180718b1986 xxu||||| |||| 00| 0 eng d
082 ## - DEWEY DECIMAL CLASSIFICATION NUMBER
Classification number I2701x54 In2de
245 ## - TITLE STATEMENT
Title Demarcation of responsibilites (subjects for which dirrerent Ministeries and Departments of government of India are responsible
Statement of responsibility, etc. by Lok Sabha Secretariat
260 ## - PUBLICATION, DISTRIBUTION, ETC.
Place of publication, distribution, etc. New Delhi
Name of publisher, distributor, etc. Lok Sabha Secretariat
Date of publication, distribution, etc. 1986
300 ## - PHYSICAL DESCRIPTION
Extent 162+p
700 ## - ADDED ENTRY--PERSONAL NAME
Personal name India. Lok Sabha Secretariat
Holdings
Withdrawn status Lost status Damaged status Not for loan Permanent Location Current Location Date acquired Full call number Barcode Date last seen Price effective from Koha item type
        Indian Institute of Public Administration Indian Institute of Public Administration 2018-08-04 I2701x54 In2de G16819 2018-08-04 2018-08-04 G

Powered by Koha